00640nas a2200229 4500001001000000003000900010005001700019007000300036008003400039040005400073041000900127072000800136100002100144100002400165245003600189650001900225650001500244650002100259650001400280650001500294773010100309BR9802403BR-BrBNA20231205100740.0ta230509b bl.|||p| |||| 00| 00por d aBR-BrBNAbporcBiblioteca Nacional de Agricultura a(Pt) aH201 aAndrade, E.R. de1 aDucroquet, J.P.H.J.1 aAntracnose em goiabeira serrana aGoiaba Serrana aAntracnose aControle Quimico aFungicida aInoculacao0 tRevista Brasileira de Fruticultura (Brazil)xISSN 0100-2945g(1993), v. 15(2) p. 7-10wBR9802403